| 000 | 00434nam a2200181Ia 4500 | ||
|---|---|---|---|
| 001 | 18211 | ||
| 005 | 20260306171614.0 | ||
| 008 | 260306s9999||||xx |||||||||||||| ||und|| | ||
| 041 | _aESP | ||
| 082 |
_a658.4012 _bT48S |
||
| 100 |
_aThompson Jr., Arthur A. _eAUT |
||
| 245 | 0 | _aSimulación de empresa en dirección estratégica | |
| 260 | _c1996 | ||
| 300 |
_a _c |
||
| 650 | _aGEN | ||
| 654 | _aCAN | ||
| 942 |
_cLIB _dJUS _fJUS _2ddc _n |
||
| 999 |
_c18211 _d18211 |
||